| 000 | 00782nam a2200253 a 4500 | ||
|---|---|---|---|
| 001 | 36100 | ||
| 003 | BD-RjUL | ||
| 005 | 20211209052432.0 | ||
| 008 | 140616s1959 enk 001 0 eng d | ||
| 035 |
_aoxf98400075 _a(BD-RjUL) 36197 |
||
| 040 |
_aBD-RjUL _beng _cBD-RjUL _dBD-RjUL |
||
| 041 | _aeng | ||
| 082 |
_a335 _bRUP 1959 |
||
| 100 | 1 |
_aRussell, Bertrand _d1872-1970. _9109877 |
|
| 245 | 1 | 4 |
_aThe prospects of industrial civilization / _cby Bertrand Russell in collaboration with Dora Russell |
| 250 | _a2nd ed. | ||
| 260 |
_aLondon : _bAllen & Unwin, _c1959. |
||
| 300 |
_a283 p. ; _c19 cm |
||
| 504 | _aIncludes index. | ||
| 650 | 0 |
_aEconomic history _y1918-1945 _99093 |
|
| 650 | 0 |
_aSocialism _9109878 |
|
| 700 | 1 |
_aRussell, Dora, _d1894-1986. _9109879 |
|
| 942 |
_2ddc _cBK |
||
| 999 |
_c36100 _d36100 |
||